Biblioteca y Centro de Documentación

"De aquellos polvos, estos lodos... y el descuelgue salarial" (Registro nro. 45587)

Detalles MARC
000 -CABECERA
Longitud fija campo de control 00793naa a2200205 4500
001 - NÚMERO DE CONTROL
Número de control 45587
003 - IDENTIFICADOR DE NÚMERO DE CONTROL
Identificador del número de control ES-MaCES
005 - FECHA Y HORA DE LA ÚLTIMA TRANSACCIÓN
Fecha y hora de la última transacción 20141221114221.0
008 - CAMPO FIJO DE DESCRIPCIÓN FIJA--INFORMACIÓN GENERAL
Códigos de información de longitud fija   000000s2014 sp ||||| t||||||| ||spa d
040 ## - FUENTE DE CATALOGACIÓN
Centro catalogador de origen ES-MaCES
Lengua de catalogación spa
Centro transcriptor ES-MaCES
100 1# - ENCABEZAMIENTO PRINCIPAL--NOMBRE PERSONAL
9 (RLIN) 35488
Nombre de persona González, Gerardo
245 11 - MENCIÓN DE TÍTULO
Título "De aquellos polvos, estos lodos... y el descuelgue salarial"
Mención de responsabilidad, etc. Gerardo González
650 #4 - ASIENTO SECUNDARIO DE MATERIA--TÉRMINO DE MATERIA
9 (RLIN) 31527
Término de materia o nombre geográfico como elemento inicial descuelgue salarial
650 #4 - ASIENTO SECUNDARIO DE MATERIA--TÉRMINO DE MATERIA
9 (RLIN) 28327
Término de materia o nombre geográfico como elemento inicial condiciones de trabajo
650 #4 - ASIENTO SECUNDARIO DE MATERIA--TÉRMINO DE MATERIA
9 (RLIN) 28362
Término de materia o nombre geográfico como elemento inicial negociación colectiva
653 10 - TÉRMINO DE INDEXACIÓN--NO CONTROLADO
Término no controlado Relaciones laborales-Empleo
773 0# - ENTRADA DE DOCUMENTO FUENTE
Itemnumber del ítem fuente 81965
Lugar, editor y fecha de publicación Madrid (Moreto, 10, 28014) AEDIPE 2003-
Otro identificador del documento 084870
Título Dirigir personas
Número de control del registro relacionado (ES-MaCES)25991
Parte(s) relacionada(s) 2ª ép., n. 20 (abr.-jun. 2014) {55/1038 R. 084870} ;p. 12-15
902 ## - CES. TIPO DE DOCUMENTO
Tipodoc (006$c Sirtex) ART Artículo de revista
942 ## - ELEMENTOS KOHA
Fuente de clasificaión o esquema Clasificación propia del CES
Koha [por defecto] tipo de item Artículos (1982-2017)
Parte de clasificación Relaciones Laborales y Rel. Lab.- Empleo

No hay ítems disponibles.

© CES, Consejo Económico y Social de España 2021